000 00875nam a2200277 i 4500
003 EG-GICUC
005 20260121101237.0
008 251118s1937 uk ||||fr|||| 000 0 eng d
040 _aEG-GiCUC
_beng
_cEG-GiCUC
_dEG-GiCUC
_erda
082 0 4 _221
_a331.128
_bRO . E
099 _aLaw1 13 331.128 330.1 RO . E 1937
100 1 _aRobinson , Joan
_eAuthor.
245 1 0 _aEssays in the Theory of Employment /
_b
_cJoan Robinson.
264 1 _aLondon :
_bMacmillan and Co., Limited,
_c1937.
300 _a254 pages ;
_c24 cm
336 _2rda content
_atext
337 _2rda media
_aComputer
338 _2rda carrier
_aOnline Resource
504 _a
546 _aText in English
650 1 4 _aPublic finance and tax legislation
_2
651 1 _2
856 4 0 _uhttps://fll.law.cu.edu.eg/fulltext/bks/B13-07925.pdf
905 _a50
_eHassnaa
942 _2ddc
_cBK
_e21
_n0
999 _c44092
_d44092